[Event "Elit(Burgsvik-Team Viking)"]
[Site "?"]
[Date "2016.01.15"]
[Round "6"]
[White "Packalen, Marcus"]
[Black "Agrest, Inna"]
[Result "0-1"]
[WhiteElo "2171"]
[BlackElo "2186"]
[PlyCount "66"]

1. e4 e5 2. Nf3 Nc6 3. d4 exd4 4. Nxd4 Nf6 5. Nc3 Bb4 6. Nxc6 bxc6 7. Bd3 O-O
8. O-O Re8 9. Qf3 Rb8 10. Bg5 Bd6 11. Rae1 Be5 12. Nd1 d6 13. b3 Be6 14. Bf4
Nd7 15. Bxe5 Nxe5 16. Qg3 f6 17. f4 Nd7 18. Ne3 Nc5 19. Qf3 a5 20. Bc4 a4 21.
Bxe6+ Rxe6 22. e5 dxe5 23. fxe5 Rxe5 24. Qxc6 Rb6 25. Qf3 Qe8 26. Re2 Rbe6 27.
Rfe1 Ne4 28. Nf5 Ng5 29. Qb7 Rxe2 30. Rxe2 Rxe2 31. Qxc7 Re1+ 32. Kf2 Qe2+ 33.
Kg3 Qe5+ 0-1

[Event "Elit(Team Viking-Eksjo)"]
[Site "?"]
[Date "2016.03.18"]
[Round "7"]
[White "Rasmussen, Allan Stig"]
[Black "Meier, Georg"]
[Result "0-1"]
[WhiteElo "2489"]
[BlackElo "2660"]
[PlyCount "60"]
[EventDate "2016.??.??"]

1. d4 Nf6 2. Nf3 d5 3. c4 e6 4. Nc3 Be7 5. Bf4 O-O 6. a3 dxc4 7. e3 Nd5 8. Bxc4
Nxf4 9. exf4 Bf6 10. Qd2 b6 11. O-O-O Bb7 12. Qe3 c5 13. d5 exd5 14. Nxd5 Nc6
15. Nxf6+ Qxf6 16. Rd7 Na5 17. Ba2 Bc6 18. Rc7 Bxf3 19. gxf3 c4 20. Qe5 Qh4 21.
Rd1 Rae8 22. Qd4 Rd8 23. Qe5 Rxd1+ 24. Kxd1 Qxf2 25. Qd5 Qxh2 26. Qd2 Qh1+ 27.
Kc2 Qxf3 28. Rxa7 Re8 29. Rd7 Nb3 30. Qe1 Re2+ 0-1

[Event "Elit(Team Viking-Eksjo)"]
[Site "?"]
[Date "2016.03.18"]
[Round "7"]
[White "Berg, Emanuel"]
[Black "Grandelius, Nils"]
[Result "1-0"]
[WhiteElo "2571"]
[BlackElo "2635"]
[PlyCount "97"]

1. e4 e5 2. Nf3 Nc6 3. d4 exd4 4. Nxd4 Bc5 5. Be3 Qf6 6. c3 Nge7 7. Bc4 O-O 8.
O-O b6 9. Nc2 Ne5 10. Be2 N5g6 11. g3 Bb7 12. Nd2 Bxe3 13. Nxe3 d5 14. Bf3 Rad8
15. Qe2 d4 16. cxd4 Qxd4 17. Nb3 Qa4 18. Rfc1 Ba6 19. Qc2 Ne5 20. Bg2 c5 21.
Qc3 N5c6 22. Rd1 Nd4 23. Nxd4 cxd4 24. Qc2 Qb4 25. Nd5 Nxd5 26. exd5 d3 27. Qd2
Qd4 28. Rac1 Rfe8 29. Qc3 Qxc3 30. Rxc3 Kf8 31. Bf3 Rd7 32. Kg2 Re5 33. a4 g5
34. b4 h5 35. h3 Bb7 36. Rcxd3 g4 37. hxg4 hxg4 38. Bxg4 Rdxd5 39. Bf3 Rxd3 40.
Rxd3 Bxf3+ 41. Kxf3 a5 42. Rd6 b5 43. Kf4 Re2 44. bxa5 Rxf2+ 45. Ke3 Ra2 46.
Rd4 Ra3+ 47. Kf4 Ra1 48. a6 Rf1+ 49. Kg5 1-0

[Event "Elit(Team Viking-Eksjo)"]
[Site "?"]
[Date "2016.03.18"]
[Round "7"]
[White "Carlsson, Pontus"]
[Black "Agrest, Evgenij"]
[Result "0-1"]
[WhiteElo "2430"]
[BlackElo "2587"]
[PlyCount "76"]

1. e4 c6 2. d4 d5 3. e5 Bf5 4. Nf3 e6 5. Be2 Ne7 6. O-O Nc8 7. Nbd2 Nd7 8. Nb3
Be7 9. a4 O-O 10. a5 a6 11. c4 dxc4 12. Bxc4 Na7 13. Qe2 Nb5 14. Rd1 Nc7 15.
Nfd2 b5 16. axb6 Nxb6 17. Na5 Qd7 18. Ndb3 Nb5 19. Nc5 Qc7 20. Nab3 Qc8 21. Be3
Rd8 22. Rdc1 h6 23. Bd3 Nd5 24. Bxf5 exf5 25. Nd3 Qe6 26. Nbc5 Bxc5 27. Rxc5 f4
28. Nxf4 Nxf4 29. Bxf4 Nxd4 30. Qe4 f5 31. Qe3 g5 32. Bxg5 hxg5 33. Qxg5+ Kf7
34. Qh5+ Qg6 35. e6+ Kg7 36. Qxg6+ Kxg6 37. e7 Rd6 38. Rxa6 Re6 0-1

[Event "Elit(Team Viking-Eksjo)"]
[Site "?"]
[Date "2016.03.18"]
[Round "7"]
[White "Westerberg, Jonathan"]
[Black "Gdanski, Jacek"]
[Result "1/2-1/2"]
[WhiteElo "2490"]
[BlackElo "2488"]
[PlyCount "76"]

1. d4 g6 2. Nf3 Bg7 3. g3 c5 4. e3 Nf6 5. Bg2 O-O 6. O-O d5 7. b3 Nc6 8. Bb2
cxd4 9. exd4 Bf5 10. Na3 Rc8 11. c4 Be4 12. Qe2 dxc4 13. bxc4 Bxf3 14. Bxf3
Nxd4 15. Bxd4 Qxd4 16. Bxb7 Rb8 17. Rab1 Qc5 18. Qf3 Nd7 19. Rb5 Qc7 20. Qc6
Rfc8 21. Qxc7 Rxc7 22. Rfb1 Bd4 23. Bf3 Rb6 24. Rd1 Ne5 25. Be2 Bc5 26. Rd5
Bxa3 27. Rxe5 e6 28. Kg2 Kf8 29. Ra5 Bb4 30. Rab5 Ba3 31. Ra5 Bb4 32. Rab5 Bd6
33. Re4 Rxb5 34. cxb5 Rc2 35. a4 Ra2 36. Bd1 Rd2 37. Bf3 Bc7 38. Re2 Rxe2
1/2-1/2

[Event "Elit(Team Viking-Eksjo)"]
[Site "?"]
[Date "2016.03.18"]
[Round "7"]
[White "Bejtovic, Jasmin"]
[Black "Cramling, Pia"]
[Result "1-0"]
[WhiteElo "2365"]
[BlackElo "2523"]
[PlyCount "117"]

1. e4 c5 2. d3 Nc6 3. g3 g6 4. Bg2 Bg7 5. f4 d6 6. Nf3 e6 7. O-O Nge7 8. c3 O-O
9. Be3 b6 10. Re1 Ba6 11. Bf2 Rc8 12. Na3 Qd7 13. Nc2 e5 14. Ne3 Kh8 15. f5
Rcd8 16. Ng5 Bc8 17. Qg4 Bf6 18. Qh4 Bxg5 19. Qxg5 f6 20. Qh6 gxf5 21. Nxf5
Nxf5 22. exf5 d5 23. g4 Qg7 24. Qh4 Rg8 25. Bg3 Rd6 26. Bf3 Ba6 27. Rad1 Rd7
28. Rd2 Nd8 29. Qh5 Nf7 30. Bh4 Rd6 31. Kh1 Bb7 32. d4 cxd4 33. cxd4 e4 34. Bd1
Bc6 35. Bg3 Rdd8 36. Bf4 Rc8 37. h3 Bb5 38. Qh4 Rc6 39. Bb3 Bc4 40. Rc1 Rgc8
41. Rdc2 b5 42. Rc3 Qf8 43. Bd1 Qe7 44. b3 b4 45. R3c2 Bb5 46. Rxc6 Rxc6 47.
Rxc6 Bxc6 48. Qg3 Bb5 49. h4 Qd7 50. Bd2 a5 51. Qb8+ Kg7 52. Qb6 Bd3 53. h5 Qd6
54. h6+ Kf8 55. Qxa5 Qg3 56. Bxb4+ Ke8 57. Qa8+ Kd7 58. Qxd5+ Kc8 59. Qe6+ 1-0

[Event "Elit(Team Viking-Eksjo)"]
[Site "?"]
[Date "2016.03.18"]
[Round "7"]
[White "Nithander, Victor"]
[Black "Gustafsson, Fredrik"]
[Result "1-0"]
[WhiteElo "2440"]
[BlackElo "2205"]
[PlyCount "65"]

1. c4 Nf6 2. g3 g6 3. Bg2 Bg7 4. Nc3 e5 5. Nf3 d6 6. d3 O-O 7. O-O h6 8. Rb1 a5
9. a3 Be6 10. b4 Nbd7 11. Nd2 c6 12. b5 d5 13. bxc6 bxc6 14. cxd5 cxd5 15. a4
Re8 16. Ba3 Bf8 17. Bxf8 Nxf8 18. Nb5 Rc8 19. Nb3 d4 20. Qd2 Bd5 21. Qxa5 Qxa5
22. Nxa5 Ra8 23. Nc6 Bxg2 24. Kxg2 Rxa4 25. Nc7 N8d7 26. Nxe8 Nxe8 27. Rb5 Ra2
28. Re1 f6 29. Rd5 Nf8 30. Rd8 Kf7 31. Rb1 Ne6 32. Rb7+ N8c7 33. Rd7+ 1-0

[Event "Elit(Team Viking-Eksjo)"]
[Site "?"]
[Date "2016.03.18"]
[Round "7"]
[White "Vernersson, Per"]
[Black "Sagit, Rauan"]
[Result "1/2-1/2"]
[WhiteElo "2315"]
[BlackElo "2375"]
[PlyCount "121"]

1. d4 f5 2. g3 Nf6 3. Bg2 g6 4. c4 Bg7 5. Nc3 Nc6 6. Nf3 O-O 7. O-O Ne4 8. Nxe4
fxe4 9. Ng5 Nxd4 10. Nxe4 c6 11. Bd2 d5 12. cxd5 cxd5 13. Nc3 e6 14. e4 dxe4
15. Nxe4 Qb6 16. Bc3 Bd7 17. a4 Bc6 18. a5 Qd8 19. a6 Qb6 20. axb7 Rad8 21. Qg4
Rf5 22. Qh4 Bxb7 23. Rxa7 Bxe4 24. Bxe4 Qxa7 25. Qxd8+ Rf8 26. Qd6 Ne2+ 27. Kg2
Nxc3 28. Qxe6+ Qf7 29. Qxf7+ Kxf7 30. bxc3 Bxc3 31. h4 Re8 32. Bd5+ Kg7 33. Rc1
Bf6 34. f4 Kf8 35. Rc7 Be7 36. Kf3 Rd8 37. Bc4 Rd2 38. Rb7 Rd1 39. Rb8+ Rd8 40.
Rb3 Rd4 41. Bd3 Kg7 42. Be4 Rd7 43. Rb5 Rc7 44. Kg4 Rc3 45. h5 Rc5 46. Rb7
gxh5+ 47. Kh3 Kf8 48. Bxh7 Rc3 49. Rd7 h4 50. Bd3 hxg3 51. Kxg3 Kf7 52. Kg4 Kf6
53. Rd5 Rc5 54. Rd4 Rc1 55. Ra4 Rc6 56. Ra5 Kg7 57. Re5 Bd8 58. Rh5 Rh6 59. Rd5
Be7 60. Be4 Rd6 61. Rxd6 1/2-1/2

[Event "Elit(Team Viking-Eksjo)"]
[Site "?"]
[Date "2016.03.18"]
[Round "7"]
[White "Grandell, Anders"]
[Black "Thornert, Hakan"]
[Result "1-0"]
[WhiteElo "2330"]
[BlackElo "2234"]
[PlyCount "79"]

1. d4 d5 2. c4 e5 3. dxe5 d4 4. Nf3 Nc6 5. Nbd2 Be6 6. Nb3 Bb4+ 7. Bd2 Qe7 8.
Rc1 O-O-O 9. g3 Bg4 10. Bg2 Bxf3 11. Bxf3 Nxe5 12. Be4 Nf6 13. Bf5+ Kb8 14. O-O
g6 15. Bh3 Bxd2 16. Nxd2 h5 17. Bg2 h4 18. c5 Nfg4 19. Qb3 c6 20. Nf3 hxg3 21.
hxg3 Rh5 22. Nxe5 Nxe5 23. Rfd1 f5 24. Qb4 Qd7 25. Rc2 Ng4 26. e3 d3 27. Qf4+
Ka8 28. Rcd2 g5 29. Qf3 Rhh8 30. Rxd3 Qxd3 31. Rxd3 Rxd3 32. Qxf5 Rd1+ 33. Bf1
Nh2 34. Qf6 Rhd8 35. Kxh2 R1d2 36. Kg2 a6 37. Bxa6 bxa6 38. Qxc6+ Ka7 39. Qb6+
Ka8 40. c6 1-0

[Event "Elit(Limhamn-Farsta)"]
[Site "?"]
[Date "2016.03.18"]
[Round "7"]
[White "Ernst, Thomas"]
[Black "Hector, Jonny"]
[Result "1-0"]
[WhiteElo "2361"]
[BlackElo "2474"]
[PlyCount "79"]

1. e4 e5 2. Nf3 Nc6 3. Bb5 a6 4. Ba4 d6 5. c3 f5 6. exf5 Bxf5 7. O-O Bd3 8. Re1
Be7 9. Bc2 Bxc2 10. Qxc2 g5 11. d4 g4 12. d5 gxf3 13. dxc6 bxc6 14. Qf5 Nf6 15.
Qxf3 Qd7 16. Nd2 O-O 17. c4 Kh8 18. Qe2 Rg8 19. Ne4 Nxe4 20. Qxe4 Rg4 21. Qe2
Rag8 22. g3 h5 23. Kh1 Qf5 24. f3 R4g6 25. Be3 d5 26. Bg1 Re6 27. Rac1 Bd6 28.
Rcd1 Bb4 29. Rf1 d4 30. f4 exf4 31. Bxd4+ Kh7 32. Qf3 Re4 33. gxf4 Rf8 34. Rg1
Rxf4 35. Qxc6 Bd6 36. c5 Re4 37. Rdf1 Re2 38. Rg7+ Kh6 39. Rxf5 Rxf5 40. cxd6
1-0

[Event "Elit(Limhamn-Farsta)"]
[Site "?"]
[Date "2016.03.18"]
[Round "7"]
[White "Jepson, Christian"]
[Black "Livner, Anders"]
[Result "1-0"]
[WhiteElo "2431"]
[BlackElo "2347"]
[PlyCount "61"]

1. Nf3 d5 2. c4 c6 3. d4 Nf6 4. Nc3 dxc4 5. a4 Bf5 6. e3 e6 7. Bxc4 Bb4 8. O-O
Nbd7 9. Qe2 Bg6 10. e4 O-O 11. Bd3 Re8 12. Bf4 Bh5 13. e5 Nd5 14. Nxd5 cxd5 15.
Qe3 Bg6 16. Bxg6 fxg6 17. h4 Rc8 18. Rfc1 Qb6 19. Qd3 Rc6 20. a5 Rxc1+ 21. Bxc1
Bxa5 22. Qa3 Bb4 23. Qa4 Rd8 24. Bg5 a5 25. Bxd8 Qxd8 26. Rc1 h6 27. Qc2 Nf8
28. Qc7 Qa8 29. Qb6 Be7 30. Rc7 Bd8 31. Qxb7 1-0

[Event "Elit(Limhamn-Farsta)"]
[Site "?"]
[Date "2016.03.18"]
[Round "7"]
[White "Urkedal, Frode"]
[Black "Johansson, Linus"]
[Result "1-0"]
[WhiteElo "2507"]
[BlackElo "2423"]
[PlyCount "79"]

1. d4 Nf6 2. c4 e6 3. Nf3 b6 4. Nc3 Bb4 5. e3 O-O 6. Bd3 c5 7. O-O Bb7 8. Na4
cxd4 9. exd4 Be7 10. Re1 d6 11. Nc3 Nbd7 12. Bf4 Nh5 13. Be3 Nhf6 14. Bf4 Nh5
15. Bd2 Nhf6 16. a4 d5 17. Ne5 dxc4 18. Bxc4 Rc8 19. Bb3 Nxe5 20. dxe5 Nd5 21.
Qg4 Nxc3 22. Bxc3 Bc5 23. Rad1 Qc7 24. Rd3 Rfd8 25. Rg3 g6 26. h4 Ba6 27. Bc2
Bf8 28. h5 Bg7 29. hxg6 hxg6 30. Qh4 Qc4 31. Rg4 Qd5 32. Re3 Qa2 33. Rh3 Rd7
34. Bb4 Rc5 35. Bxc5 bxc5 36. Bxg6 Qxb2 37. Bh7+ Kf8 38. Rxg7 Rd1+ 39. Kh2
Qxe5+ 40. Rhg3 1-0

[Event "Elit(Limhamn-Farsta)"]
[Site "?"]
[Date "2016.03.18"]
[Round "7"]
[White "Brynell, Stellan"]
[Black "Nikcevic, Nebojsa"]
[Result "1/2-1/2"]
[WhiteElo "2420"]
[BlackElo "2421"]
[PlyCount "134"]
[SourceDate "2016.03.22"]

1. d4 d5 2. c4 dxc4 3. Nf3 e6 4. e3 b5 5. a4 b4 6. Bxc4 Nf6 7. O-O Bb7 8. Qe2
Nbd7 9. Nbd2 c5 10. b3 cxd4 11. Nxd4 Bd6 12. Bb2 O-O 13. Rfd1 Qb8 14. h3 Rc8
15. Rac1 Nc5 16. N4f3 Nfd7 17. a5 a6 18. Nf1 Bxf3 19. Qxf3 Be5 20. Bd4 Qc7 21.
Ra1 Nf6 22. Bxe5 Qxe5 23. Ng3 Ra7 24. Rd4 g6 25. Rad1 Kg7 26. Rd6 h5 27. R6d4
Rcc7 28. Qe2 Rc6 29. Qf3 Rac7 30. Qe2 Rd7 31. Qd2 h4 32. Nf1 Rb7 33. Rxh4 Nce4
34. Qd4 Qxd4 35. Rxd4 Nc5 36. Rd8 Rd7 37. Rd4 Rxd8 38. Rxd8 Nb7 39. Rb8 Nxa5
40. Nd2 Rd6 41. Nf3 Nxc4 42. bxc4 Rd1+ 43. Kh2 a5 44. Rb5 Ne4 45. Rxa5 Nxf2 46.
Rb5 Nd3 47. Ne5 Nxe5 48. Rxe5 Rc1 49. Rc5 b3 50. Rb5 Rc3 51. e4 Rxc4 52. Rxb3
Rxe4 53. Kg3 f5 54. Kf3 Ra4 55. Rb8 Kf6 56. Rf8+ Ke7 57. Rg8 Kf7 58. Rb8 e5 59.
Rb6 Ra3+ 60. Kf2 Kg7 61. Re6 Ra5 62. h4 Kh6 63. Kg3 Ra3+ 64. Kh2 e4 65. g4 Kg7
66. h5 gxh5 67. gxh5 Rf3 1/2-1/2

[Event "Elit(Limhamn-Farsta)"]
[Site "?"]
[Date "2016.03.18"]
[Round "7"]
[White "Hjelm, Niclas"]
[Black "Lindgren, Philip"]
[Result "1/2-1/2"]
[WhiteElo "2311"]
[BlackElo "2414"]
[PlyCount "49"]

1. d4 d5 2. c4 c6 3. cxd5 cxd5 4. Bf4 Nf6 5. Nc3 Nc6 6. e3 Bf5 7. Qb3 Na5 8.
Qa4+ Bd7 9. Bb5 e6 10. Nf3 a6 11. Bxd7+ Nxd7 12. O-O b5 13. Qd1 Be7 14. Rc1 Nc4
15. b3 Nd6 16. Ne5 Nxe5 17. Bxe5 O-O 18. Rc2 Qd7 19. Qd3 Rfc8 20. Rfc1 Ra7 21.
Ne2 Rac7 22. Rxc7 Rxc7 23. Rxc7 Qxc7 24. Qc3 Qxc3 25. Nxc3 1/2-1/2

[Event "Elit(Limhamn-Farsta)"]
[Site "?"]
[Date "2016.03.18"]
[Round "7"]
[White "Schneider, Stefan"]
[Black "Lissang, Christopher"]
[Result "0-1"]
[WhiteElo "2378"]
[BlackElo "2295"]
[PlyCount "78"]

1. d4 Nf6 2. c4 e6 3. Nf3 c5 4. d5 d6 5. Nc3 exd5 6. cxd5 g6 7. Bf4 Bg7 8. Qa4+
Bd7 9. Qb3 Qc7 10. e4 O-O 11. Be2 Nh5 12. Be3 a5 13. a4 Na6 14. h3 Nb4 15. O-O
Rae8 16. Rae1 h6 17. Nd2 f5 18. Bxh5 gxh5 19. e5 f4 20. e6 fxe3 21. Rxe3 Bc8
22. Nb5 Qe7 23. Ne4 Be5 24. Rd1 h4 25. Nxc5 Bf4 26. Re4 dxc5 27. d6 Bxe6 28.
dxe7 Bxb3 29. exf8=Q+ Rxf8 30. Rd7 Bg5 31. Nc3 Rf7 32. Rd6 c4 33. Rg4 Kf8 34.
Ne2 Nd3 35. f4 Nxf4 36. Nd4 Bxa4 37. g3 hxg3 38. Rxg3 Bf6 39. Nf5 Ne2+ 0-1

[Event "Elit(Limhamn-Farsta)"]
[Site "?"]
[Date "2016.03.18"]
[Round "7"]
[White "Hedin, Gunnar"]
[Black "Helgason, Reynir"]
[Result "1/2-1/2"]
[WhiteElo "2140"]
[BlackElo "2367"]
[PlyCount "129"]

1. b3 d5 2. Bb2 Nf6 3. e3 g6 4. c4 dxc4 5. Bxc4 Bg7 6. Nf3 O-O 7. O-O c5 8. h3
Nc6 9. Qc1 Bf5 10. d4 Nb4 11. Na3 Nd3 12. Bxd3 Bxd3 13. Re1 Rc8 14. dxc5 Qa5
15. Bd4 b6 16. Qb2 bxc5 17. Bc3 Qa6 18. Rad1 Be4 19. Nd2 Ba8 20. Nac4 Rfd8 21.
f3 Rd3 22. Ne5 Rxc3 23. Qxc3 Nd5 24. Qb2 Nb4 25. Ndc4 Qe6 26. f4 f6 27. Nd3 Nd5
28. e4 Nb6 29. Qc2 Bxe4 30. Nd2 f5 31. Nxe4 fxe4 32. Ne5 e3 33. Qe4 c4 34. bxc4
Nxc4 35. Qd5 Qxd5 36. Rxd5 Bxe5 37. fxe5 Kf7 38. Rc1 Nb6 39. Rxc8 Nxd5 40. Kf1
Ke6 41. Ke2 Kxe5 42. Kf3 Kd4 43. Rd8 e5 44. g3 a5 45. h4 a4 46. a3 e4+ 47. Ke2
Kc4 48. Rd7 h5 49. Rd6 Kd4 50. Ke1 Kc4 51. Rxg6 Kb3 52. Ke2 Kxa3 53. Rg5 Nc3+
54. Kxe3 Kb4 55. Rg8 a3 56. Ra8 Kb3 57. Rb8+ Kc4 58. Ra8 Kb4 59. Rb8+ Kc4 60.
Ra8 a2 61. Rxa2 Nxa2 62. Kxe4 Nc3+ 63. Kf5 Ne2 64. g4 hxg4 65. Kxg4 1/2-1/2

[Event "Elit(Limhamn-Farsta)"]
[Site "?"]
[Date "2016.03.18"]
[Round "7"]
[White "Penalver, Osmani"]
[Black "Jaderberg, Bjorn"]
[Result "0-1"]
[WhiteElo "2251"]
[BlackElo "2146"]
[PlyCount "108"]

1. d4 e6 2. c4 f5 3. Nf3 Nf6 4. g3 d5 5. Bg2 Bd6 6. O-O c6 7. b3 Qe7 8. Bb2 b6
9. Qc2 O-O 10. Ne5 Bb7 11. cxd5 cxd5 12. Rc1 Na6 13. Nc3 Rfc8 14. Qd2 Ne4 15.
Nxe4 dxe4 16. Rxc8+ Rxc8 17. Rc1 Rxc1+ 18. Qxc1 Qc7 19. Nc4 Be7 20. f3 exf3 21.
Qe3 Bd5 22. exf3 Nb4 23. a3 Nc6 24. f4 Qd7 25. Bf1 Bf6 26. Ne5 Nxe5 27. fxe5
Be7 28. Bg2 Bxg2 29. Kxg2 Qc6+ 30. Kg1 Qc2 31. Bc1 b5 32. b4 Bd8 33. Qd2 Qc4
34. Bb2 Bb6 35. Qc3 Qd5 36. Qe3 Kf7 37. h4 h5 38. Kh2 Qc4 39. Qd2 Qf1 40. Bc3
Qf3 41. Bb2 Bd8 42. Bc1 Bb6 43. Bb2 Ke8 44. Bc1 Kd7 45. Bb2 Bd8 46. Bc1 f4 47.
gxf4 Bxh4 48. f5 Qxf5 49. Qc3 Qf2+ 50. Kh3 g5 51. Bxg5 Bxg5 52. Qc5 Qf1+ 53.
Kg3 h4+ 54. Kg4 Qf5+ 0-1

[Event "Elit(Vasteras-Burgsvik)"]
[Site "?"]
[Date "2016.03.18"]
[Round "7"]
[White "Andersson, Tommy"]
[Black "Akesson, Ralf"]
[Result "1/2-1/2"]
[WhiteElo "2384"]
[BlackElo "2435"]
[PlyCount "47"]

1. d4 Nf6 2. c4 e6 3. Nf3 d5 4. Nc3 Be7 5. Bf4 O-O 6. e3 c5 7. dxc5 Bxc5 8. a3
Nc6 9. cxd5 Nxd5 10. Nxd5 exd5 11. Bd3 Be7 12. O-O Bf6 13. Qc2 g6 14. Rad1 Be6
15. b4 Rc8 16. Qa4 a6 17. b5 axb5 18. Qxb5 Qe7 19. a4 Nb4 20. Be5 Bxe5 21. Nxe5
Na2 22. Ra1 Nc3 23. Qb2 Rc5 24. a5 1/2-1/2

[Event "Elit(Vasteras-Burgsvik)"]
[Site "?"]
[Date "2016.03.18"]
[Round "7"]
[White "Sjodahl, Pontus"]
[Black "Nygren, Kim"]
[Result "1-0"]
[WhiteElo "2404"]
[BlackElo "2274"]
[PlyCount "139"]

1. d4 f5 2. g3 Nf6 3. Bg2 e6 4. c4 Be7 5. Nf3 O-O 6. O-O d6 7. b4 Qe8 8. Nc3
Qh5 9. c5 Nc6 10. Rb1 Ne4 11. Qc2 Nxc3 12. Qxc3 Bf6 13. b5 Ne7 14. cxd6 Nd5 15.
Qd3 cxd6 16. Ba3 Be7 17. Nd2 Rf6 18. Nc4 Rh6 19. h3 a6 20. Bxd6 axb5 21. Rxb5
Bd7 22. Rb2 Bc6 23. Bxe7 Nxe7 24. f3 f4 25. gxf4 Ng6 26. e3 Nh4 27. Ne5 Nxg2
28. Rxg2 Qxh3 29. a3 Be8 30. Rb1 Rc8 31. Kf2 Bg6 32. e4 Rf8 33. Rxb7 Qh4+ 34.
Ke2 Qxf4 35. Qe3 Qh4 36. Qg5 Qh1 37. Kf2 Qd1 38. Rd7 Rh1 39. Qe3 Rf1+ 40. Kg3
Re1 41. Qd2 Qxd2 42. Rxd2 Re3 43. Kg4 Rxa3 44. Re7 Ra1 45. Rxe6 Rg1+ 46. Kh3
Bh5 47. Rf2 g5 48. Kh2 Rd1 49. Rg2 g4 50. d5 Kh8 51. fxg4 Be8 52. Re7 Bb5 53.
g5 Bf1 54. g6 hxg6 55. Nxg6+ Kg8 56. Nxf8+ Bxg2 57. Kxg2 Kxf8 58. Rc7 Rd3 59.
Kf2 Ke8 60. Ke2 Ra3 61. Kd2 Kd8 62. Rc3 Ra1 63. Ke3 Kd7 64. Kd4 Kd8 65. Ke5 Ra6
66. d6 Ra4 67. Kd5 Rb4 68. e5 Rb5+ 69. Ke6 Rb7 70. Rh3 1-0

[Event "Elit(Vasteras-Burgsvik)"]
[Site "?"]
[Date "2016.03.18"]
[Round "7"]
[White "Krupenski, Juri"]
[Black "Eriksson, Johan"]
[Result "1/2-1/2"]
[WhiteElo "2406"]
[BlackElo "2398"]
[PlyCount "43"]
[EventDate "2016.??.??"]

1. d4 Nf6 2. c4 g6 3. Nc3 Bg7 4. e4 d6 5. Nf3 O-O 6. Be2 e5 7. d5 a5 8. Bg5 h6
9. Bh4 Na6 10. Nd2 Qe8 11. O-O Bd7 12. Kh1 Nh7 13. a3 a4 14. Nb5 h5 15. f3 Bh6
16. b4 axb3 17. Nxb3 Bg5 18. Bf2 h4 19. a4 Nf6 20. c5 Qb8 21. Rb1 Nh5 22. cxd6
1/2-1/2

[Event "Elit(Vasteras-Burgsvik)"]
[Site "?"]
[Date "2016.03.18"]
[Round "7"]
[White "Pohjala, Henri"]
[Black "Fries Nielsen, Jens Ove"]
[Result "0-1"]
[WhiteElo "2393"]
[BlackElo "2405"]
[PlyCount "78"]
[EventDate "2016.??.??"]

1. d4 Nf6 2. Nf3 d6 3. g3 Nbd7 4. Bg2 e5 5. c4 Be7 6. O-O O-O 7. Nc3 exd4 8.
Nxd4 Nb6 9. Qc2 Nxc4 10. Nf5 Bxf5 11. Qxf5 c6 12. b3 Ne5 13. Bb2 Re8 14. Qc2
Rc8 15. e4 b5 16. Rae1 Qb6 17. Kh1 Bf8 18. f4 Ned7 19. Qd1 h5 20. h3 Rcd8 21.
g4 hxg4 22. hxg4 g6 23. g5 Nh5 24. Qg4 Bg7 25. f5 Be5 26. Rf3 Kg7 27. Ref1 Nhf6
28. gxf6+ Nxf6 29. Qg5 Rh8+ 30. Rh3 Rxh3+ 31. Bxh3 Rh8 32. Qg2 Qe3 33. Rf3 Qe1+
34. Qg1 Qh4 35. fxg6 Qxh3+ 36. Rxh3 Rxh3+ 37. Kg2 Rg3+ 38. Kf2 Rxg1 39. Kxg1
fxg6 0-1

[Event "Elit(Vasteras-Burgsvik)"]
[Site "?"]
[Date "2016.03.18"]
[Round "7"]
[White "Larsson, Victor"]
[Black "Norberg, Johan"]
[Result "0-1"]
[WhiteElo "2207"]
[BlackElo "2291"]
[PlyCount "66"]

1. d4 d6 2. Nf3 g6 3. c4 Bg7 4. Nc3 Nd7 5. e4 e5 6. Be2 Ngf6 7. O-O O-O 8. Bg5
h6 9. Bh4 c6 10. d5 g5 11. dxc6 Nc5 12. Bg3 Nfxe4 13. Nxe4 Nxe4 14. Qd5 Nxg3
15. hxg3 Be6 16. Qb5 bxc6 17. Qxc6 Rc8 18. Qa6 Qb6 19. Qxb6 axb6 20. Rad1 Rfd8
21. b3 f5 22. Nd2 Kf7 23. g4 fxg4 24. Ne4 Ke7 25. Ng3 Rf8 26. Rd2 Rcd8 27. Rfd1
Rd7 28. Bd3 d5 29. cxd5 Rxd5 30. Be4 Rd4 31. Kf1 Bd7 32. Ke1 Ke6 33. Bd5+ Kxd5
0-1

[Event "Elit(Vasteras-Burgsvik)"]
[Site "?"]
[Date "2016.03.18"]
[Round "7"]
[White "Eriksson, Anders"]
[Black "Persson, Mats"]
[Result "0-1"]
[WhiteElo "2271"]
[BlackElo "2259"]
[PlyCount "98"]

1. Nf3 d5 2. g3 c6 3. Bg2 Bg4 4. Ne5 Bh5 5. d4 Nd7 6. Nxd7 Qxd7 7. Nd2 Nf6 8.
Nf3 e6 9. Ne5 Qc7 10. O-O Bd6 11. Nd3 O-O 12. Bf4 Bg6 13. c3 Be4 14. Bh3 Bf5
15. Bxf5 exf5 16. Rc1 Rfe8 17. e3 Ne4 18. b3 Rad8 19. Re1 Qa5 20. Bxd6 Rxd6 21.
a4 Rh6 22. Qc2 Qd8 23. c4 Ng5 24. Kg2 Qe7 25. Nf4 dxc4 26. bxc4 Qd7 27. h4 Ne4
28. c5 Nf6 29. Qb3 Re7 30. f3 Nd5 31. Nxd5 cxd5 32. Qb5 Ra6 33. Qxd7 Rxd7 34.
Ra1 Kf8 35. Reb1 Re7 36. Ra3 Ke8 37. Rb4 Kd8 38. h5 Kc8 39. Kh3 Rae6 40. Rbb3
g5 41. g4 f4 42. exf4 gxf4 43. g5 f5 44. Ra1 Re2 45. Rg1 Rf2 46. g6 Ree2 47.
Rh1 hxg6 48. Kh4 Rg2 49. hxg6 Re8 0-1

[Event "Elit(Vasteras-Burgsvik)"]
[Site "?"]
[Date "2016.03.18"]
[Round "7"]
[White "Packalen, Marcus"]
[Black "Vaarala, Eric"]
[Result "0-1"]
[WhiteElo "2171"]
[BlackElo "2298"]
[PlyCount "84"]
[EventDate "2016.??.??"]

1. e4 c5 2. Nf3 e6 3. d3 d5 4. Nbd2 Nc6 5. Be2 Bd6 6. O-O Nge7 7. c3 O-O 8. a3
f5 9. b4 b6 10. Bb2 fxe4 11. dxe4 c4 12. Qc2 Ng6 13. Rfe1 Bb7 14. Rad1 Qc7 15.
h4 Nce5 16. Ng5 Qe7 17. exd5 exd5 18. Ndf3 Rae8 19. Nd4 Qf6 20. Bh5 Nd3 21. Rf1
Nxh4 22. Bc1 g6 23. Rxd3 cxd3 24. Qxd3 Re1 25. Be3 Rxe3 26. Qxe3 gxh5 27. Nde6
Re8 28. Qh3 Bc8 29. Qxh4 Bxe6 30. Qxh5 Qg6 31. Nxh7 Qxh5 32. Nf6+ Kf7 33. Nxh5
Be5 34. f4 Bxc3 35. f5 Bc8 36. Kh2 Ba6 37. Rc1 Be5+ 38. Kh3 Be2 39. g4 d4 40.
Rc6 d3 41. Rh6 d2 42. Rh7+ Kg8 0-1

[Event "Elit(Vasteras-Burgsvik)"]
[Site "?"]
[Date "2016.03.18"]
[Round "7"]
[White "Bergstrom, Peter"]
[Black "Linusson, Pelle"]
[Result "0-1"]
[WhiteElo "2278"]
[BlackElo "2233"]
[PlyCount "84"]

1. c4 g6 2. Nc3 c5 3. Nf3 Bg7 4. d4 cxd4 5. Nxd4 Nc6 6. Nc2 Bxc3+ 7. bxc3 Nf6
8. f3 Qa5 9. Bd2 d6 10. e4 Be6 11. Ne3 Rc8 12. Be2 Nd7 13. Nd5 Nce5 14. Qb3 Nc5
15. Qb5+ Qxb5 16. cxb5 Bxd5 17. exd5 Na4 18. Kf2 O-O 19. Rhc1 Rc7 20. Rab1 Rfc8
21. f4 Nc4 22. Be1 Ncb6 23. c4 Nxd5 24. g3 Nab6 25. Ba5 Rc5 26. Rd1 Nf6 27.
Bxb6 axb6 28. Rb4 Ne4+ 29. Ke3 Nc3 30. Rd4 Nxa2 31. Ra4 Nc3 32. Ra7 Nxe2 33.
Kxe2 R8c7 34. Kd3 Kg7 35. Ra8 Kf6 36. Rb8 h5 37. h3 Rd7 38. g4 hxg4 39. hxg4 d5
40. Kd2 Rxc4 41. Rxc4 dxc4+ 42. Kc3 Rc7 0-1

[Event "Elit(Kungstornet-Manhem)"]
[Site "?"]
[Date "2016.03.18"]
[Round "7"]
[White "Rozentalis, Eduardas"]
[Black "Cicak, Slavko"]
[Result "1/2-1/2"]
[WhiteElo "2572"]
[BlackElo "2509"]
[PlyCount "63"]
[SourceDate "2016.03.23"]

1. e4 c5 2. Nf3 g6 3. g3 Bg7 4. Bg2 Nf6 5. Qe2 Nc6 6. c3 d6 7. O-O Bg4 8. h3
Bxf3 9. Bxf3 h5 10. Bg2 h4 11. g4 e5 12. d3 Nh7 13. f4 exf4 14. Bxf4 O-O 15.
Nd2 Ng5 16. Kh1 Ne6 17. Be3 Kh7 18. Nf3 Ne5 19. Rad1 Bh6 20. Bg1 Nf4 21. Qc2
Qe7 22. Bh2 Nxf3 23. Rxf3 Ne6 24. Qf2 Bg7 25. d4 cxd4 26. cxd4 Rac8 27. e5 dxe5
28. dxe5 Kg8 29. Rf1 b6 30. Rd3 Qg5 31. Rd7 Rc7 32. Rxc7 1/2-1/2